书目信息 |
| 题名: |
高校化学实验室安全教育手册
|
|
| 作者: | 乔亏 , 汪家军 , 付荣 编著 | |
| 分册: | ||
| 出版信息: | 青岛 中国海洋大学出版社 2018.05 |
|
| 页数: | 211页 | |
| 开本: | 26cm | |
| 丛书名: | ||
| 单 册: | ||
| 中图分类: | O6-37 | |
| 科图分类: | ||
| 主题词: | 化学实验 | |
| 电子资源: | ||
| ISBN: | 7-5670-1772-5 | |
| 000 | 00690nam0 2200205 450 | |
| 001 | 2240523787 | |
| 005 | 20221010111725.89 | |
| 010 | @a7-5670-1772-5@dCNY33.00 | |
| 100 | @a20221010d2018 km y0chiy0120 ea | |
| 101 | 0 | @achi |
| 200 | 1 | @a高校化学实验室安全教育手册@AGao Xiao Hua Xue Shi Yan Shi An Quan Jiao Yu Shou Ce@f乔亏,汪家军,付荣编著@FQiao Kui,Wang Jia Jun,Fu Rong Bian Zhu |
| 210 | @a青岛@c中国海洋大学出版社@d2018.05 | |
| 215 | @a211页@d26cm | |
| 606 | 0 | @a化学实验 |
| 690 | @aO6-37@v4 | |
| 701 | 0 | @a乔亏@AQiao Kui@4编著 |
| 701 | 0 | @a汪家军@AWang Jia Jun@4编著 |
| 701 | 0 | @a付荣@AFu Rong@4编著 |
| 801 | 0 | @aCN@b大连网信软件有限公司图书馆·11@c20221010 |
| 905 | @aZUCC@dO6-37@e1302 | |
| 高校化学实验室安全教育手册/乔亏,汪家军,付荣编著.-青岛:中国海洋大学出版社,2018.05 |
| 211页;26cm |
| ISBN 7-5670-1772-5:CNY33.00 |
| ● |
| 相关链接 |
|
|
|
|
正题名:高校化学实验室安全教育手册
索取号:O6-37/1302
 
预约/预借
| 序号 | 登录号 | 条形码 | 馆藏地/架位号 | 状态 | 备注 |
| 1 | 1052586 | 210525868 | 第二样本阅览室/ [索取号:O6-37/1302] | 在馆 |